| 000 | 00426nam a2200169Ia 4500 | ||
|---|---|---|---|
| 008 | 220204s9999 xx 000 0 und d | ||
| 082 |
_a631+338.459048.8) _bAGR |
||
| 245 | 0 | _aAgriculture and industry survey 1990-91 | |
| 260 |
_aBangalore _bVadamalai media _c1991 |
||
| 650 | _aAgriculture | ||
| 650 | _aBanking | ||
| 650 | _aBiotechnology | ||
| 650 | _aEconomy | ||
| 650 | _aFinance | ||
| 650 | _aIndustry | ||
| 942 | _cBK | ||
| 999 |
_c40193 _d40193 |
||